|
|
|
|
| LEADER |
00000nam a2200000 i 4500 |
| 001 |
1/78821 |
| 008 |
970221s gre d |
| 035 |
|
|
|a 1995
|b 1
|c Δωρεά
|l 10033025
|
| 040 |
|
|
|a GR-MY-UA
|b gre
|e aacr
|
| 041 |
0 |
|
|a gre
|
| 082 |
0 |
|
|a 362.2
|
| 100 |
1 |
|
|a Τσιμπούκης, Κωνσταντίνος Ι.,
|d 1934-
|
| 245 |
1 |
2 |
|a Η ψυχική υγεία του συγχρόνου ανθρώπου /
|c Κωνστ. Ιωαν. Τσιμπούκη
|
| 260 |
|
|
|a Αθήνα :
|b [χ.ό.],
|c 1975
|
| 300 |
|
|
|a 95 σ.
|
| 650 |
0 |
0 |
|a Mental health.
|
| 852 |
|
|
|a INST
|b RHODES
|e 19970221
|h 362.2 ΤΣΙ
|p 005400007281
|q 005400007281
|t BK
|y 0
|
| 909 |
|
|
|a Ρ
|b 028447
|c 1995
|
| 970 |
|
|
|z 2000/08/ΔΕΜΕΝΑΓΑΣ ΠΕΤΡΟΣ
|